Florence + the Machine - Mermaids Lyrics - Statistics

General Stats
  • This quiz has been taken 20 times
  • The average score is 188 of 239
Answer Stats
Answer % Correct
a
100%
an
100%
and
100%
girl
100%
heart
100%
I
100%
mermaid
100%
not
100%
so
100%
the
100%
to
100%
with
100%
you
100%
you've
100%
dance
93%
drink
93%
English
93%
get
93%
have
93%
is
93%
nothing
93%
oblivion
93%
on
93%
seen
93%
that
93%
your
93%
but
87%
cheerful
87%
come
87%
hair
87%
haven't
87%
human
87%
in
87%
it
87%
love
87%
mermaids
87%
my
87%
they
87%
think
87%
up
87%
was
87%
been
80%
blood
80%
break
80%
for
80%
from
80%
much
80%
never
80%
of
80%
oh
80%
sacrifice
80%
sailor's
80%
sharp
80%
teeth
80%
than
80%
til
80%
world
80%
before
73%
danced
73%
filling
73%
floor
73%
like
73%
lord
73%
once
73%
one
73%
only
73%
sea
73%
shore
73%
upon
73%
year
73%
britney
67%
coconuts
67%
girls
67%
hungry
67%
if
67%
just
67%
night
67%
out
67%
rain
67%
spears
67%
thought
67%
wilder
67%
chest
60%
doing
60%
drunkenness
60%
hurt
60%
makes
60%
Pier
60%
regret
60%
remember
60%
all
53%
Brighton
53%
climb
53%
coatless
53%
drugs
53%
falling
53%
hugging
53%
I'm
53%
missing
53%
or
53%
pain
53%
place
53%
through
53%
cottage
47%
England
47%
ever
47%
glorious
47%
green
47%
grey
47%
maybe
47%
shitty
47%
somewhat
47%
streets
47%
these
47%
whore
47%
crawled
40%
feet
40%
ghost
40%
lights
40%
shining
40%
smelt
40%
woman
40%
foam
33%
glitter
33%
prairie
33%
slick
33%
under
33%
clubs
27%
pavements
27%
razorblades
27%
striding
27%
struts
7%
No matching quizzes found
Score Distribution
Percent of People with Each Score
Percentile by Number Answered
Your Score History
You have not taken this quiz